00397nam a22001457a 450000500170000000800410001702000150005804000080007308200180008110000190009924500620011826000310018030000100021165000300022120181015201627.0181015b ||||| |||| 00| 0 eng d a0892740132 cDLC a231.3bG6561H aGoodwin, J. R. aTHe Holy Spirit's Three Gifts of UtterancecJ. R. Goodwin aOklabHarrison Housec1974 a32p,; aProphecyxSpiritual gifts